000 00981 a2200265 4500
999 _c1398
_d1398
020 _a9780415395076 (hbk.)
020 _a0415395070 (hbk.)
020 _a9780415395083 (pbk.)
020 _a0415395089 (pbk.)
020 _a9780203929711 (ebk.)
020 _a0203929713 (ebk.)
050 0 0 _aHC59.7ADA2008
100 1 _aAdams, W. M.
_d1955-
245 1 0 _aGreen development :
_benvironment and sustainability in a developing world /
_cW. M. Adams.
250 _a3rd ed.
264 _aLondon:
_bRoutledge.,
_c2009
300 _axxvii, 449 p.
_bill., maps, facsims ;
500 _aIncludes index.
504 _aIncludes bibliographical references (p. [380]-440)
650 0 _aSustainable development
650 0 _aGreen movement
856 4 1 _3Table of contents only
_uhttp://www.loc.gov/catdir/toc/ecip088/2008002208.html
942 _2lcc
_cBK
_h59.7
_iADA
_kHC